Formula 1 Most Succesful Driver Per Letter - Statistics

General Stats
  • This quiz has been taken 90 times
  • The average score is 11 of 20
Answer Stats
Letter Wins Driver % Correct
H 103 Lewis Hamilton
99%
S 91 Michael Schumacher
92%
V 56 Max Verstappen
86%
P 51 Alain Prost
79%
A 32 Fernando Alonso
77%
L 25 Niki Lauda
70%
F 24 Juan Michael Fangio
69%
M 31 Nigel Mansell
69%
R 23 Nico Rosberg
68%
B 15 Jenson Button
61%
C 25 Jim Clark
56%
O 1 Esteban Ocon
54%
K 1 Robert Kubica/Heikki Kovalainen
51%
J 12 Alan Jones
46%
I 8 Jackie Ickx
44%
W 9 Mark Webber
42%
N 1 Gunnar Nilsson/Alessandro Nannini
32%
T 2 Maurice Trintignant/Patrick Tambay
21%
G 4 Dan Gurney
17%
D 2 Patrick Depailler
17%
No matching quizzes found
Score Distribution
Percent of People with Each Score
Percentile by Number Answered
Your Score History
You have not taken this quiz